000 00818nam a2200241 a 4500
001 BRCA_4348
005 20190320204634.0
008 300410s1948----mx-a######---#000-0#spa-#
041 _aspa
044 _amx
050 4 _aQ23
_b.M46 2 1948
245 1 0 _aMemorias y revista de la Academia Nacional de Ciencias
_b(Antigua Sociedad Científica Antonio Alzate).
260 _aMéxico
_bAcademia Nacional de Ciencias
_c1948
300 _a122-367 p.
_bil.
_c23 cm.
500 _aTomo 56, Núms. 2-3, 1948
500 _aRevista inventariada por Banco de México como libro
500 _aVer también AA19, H31, H56, Q141, Q142, Q143, Q144, S126, X9 y X39
500 _aC30
650 1 4 _aCiencia
_vPublicaciones periódicas
_910791
710 2 _aAcademia Nacional de Ciencias
_910792
902 _aGFM
942 _2lcc
_cB
999 _c4059
_d4059